00521nam a2200169Ia 4500008004100000020001500041041000800056082001500064100002300079245004000102250000600142260004000148300001100188650002000199999001900219952011300238210716s1993 xx 000 0 und d a0132927233 aeng a174.4 BOAJ aBoatright, John R. aEthics and the conduct of business. a1 aNew JerseybPrentice hall Incc1993 axv,448 aBusiness Ethics c198617d198617 00102ddc40738MBAaAIMITbAIMITd2004-12-31l0o174.4 BOAJpMBA01182r2025-07-21 00:00:00w2021-07-16yBK